000 00650nam a2200241Ia 4500
005 20260430150538.0
008 008 250103s9999 xx 000 0 eng d
037 _aTheses
040 _aCRL
040 _beng
040 _ceng
041 _2eng
041 _aeng
084 _qCRL
100 _aKarki Hira Bahadur Au.; Suman Gu.
_91237814
245 0 _aRefugees and Problem of Protection of Their Rights: A Study of Rohingya Refugees in India and Nepal
260 _c2024
300 _a323p.
650 _aLaw
700 _aUniversity of Delhi. Faculty of Law. Deptt. of Law
_91236414
942 _cTH
999 _c1850044
_d1850044